| 000 | 00685nas a2200229 a 4500 | ||
|---|---|---|---|
| 001 | 000654749 | ||
| 003 | AM-YeHGA | ||
| 005 | 20250617141343.0 | ||
| 008 | 090429c19919999ru qr p 0 0rus d | ||
| 040 | _aAM-YeHGA | ||
| 041 | 0 | _arus | |
| 222 | 0 | _aГлагол | |
| 245 | 0 | 0 |
_aГлагол : _bЛитературно-художественный журнал. |
| 260 |
_aКострома : _bБ. и., _c1991-. |
||
| 300 | _aномер. | ||
| 310 | _aеженедельный | ||
| 362 | _a1991- | ||
| 650 | 0 | 4 | _aԱմսագիր |
| 650 | 1 | 4 |
_aХудожественная литература _vПериодические издания |
| 942 |
_2udc _cCR |
||
| 090 | _c238555 | ||
| 999 |
_c236987 _d236987 |
||